[Event "Oberliga Ost A 2017 2018"]
[Site "Germany"]
[Date "2018.02.25"]
[Round "8.1"]
[White "Niegsch, Nicolas"]
[Black "Richter, Leonard"]
[Result "1-0"]
[WhiteElo "2232"]
[BlackElo "2268"]
[PlyCount "73"]
[EventDate "2017.10.22"]
[EventType "team-tourn"]
[EventCountry "GER"]
[WhiteTeam "Loeberitz SG"]
[BlackTeam "Leipzig SG II"]
[WhiteTeamCountry "GER"]
[BlackTeamCountry "GER"]

1. d4 Nf6 2. c4 g6 3. Nc3 Bg7 4. e4 d6 5. Nf3 O-O 6. Be2 e5 7. O-O Nc6 8. d5
Ne7 9. Bd2 Nd7 10. Rc1 h6 11. Ne1 f5 12. f3 g5 13. Nd3 f4 14. c5 Ng6 15. Nb5 a6
16. Na3 Rf7 17. cxd6 cxd6 18. Nc4 Bf8 19. Ba5 Qf6 20. a4 h5 21. h3 Nh4 22. Be1
Qg6 23. Nf2 Rg7 24. a5 Rb8 25. Rc3 Nf6 26. Nb6 Nxg2 27. Kxg2 Bxh3+ 28. Kxh3 g4+
29. fxg4 hxg4+ 30. Bxg4 Qh7+ 31. Kg2 Nxg4 32. Nxg4 Qxe4+ 33. Kf2 Be7 34. Rg1
Bh4+ 35. Kf1 Qxe1+ 36. Qxe1 Bxe1 37. Kxe1 1-0

[Event "Oberliga Ost A 2017 2018"]
[Site "Germany"]
[Date "2018.02.25"]
[Round "8.2"]
[White "Schunk, Thomas"]
[Black "Stein, Robert"]
[Result "1-0"]
[WhiteElo "2152"]
[BlackElo "2253"]
[PlyCount "75"]
[EventDate "2017.10.22"]
[EventType "team-tourn"]
[EventCountry "GER"]
[WhiteTeam "Leipzig SG II"]
[BlackTeam "Loeberitz SG"]
[WhiteTeamCountry "GER"]
[BlackTeamCountry "GER"]

1. c4 e5 2. Nc3 Nf6 3. g3 d5 4. cxd5 Nxd5 5. Bg2 Nb6 6. Nf3 Nc6 7. O-O Be7 8.
d3 O-O 9. a3 Re8 10. b4 Bf8 11. Bb2 a5 12. b5 Nd4 13. e3 Nxf3+ 14. Bxf3 a4 15.
Qc2 f5 16. Bg2 Ra7 17. Rfe1 Bd6 18. f4 Kh8 19. Kh1 exf4 20. gxf4 Qh4 21. Re2
Be6 22. Rg1 Bb3 23. Qc1 Bf7 24. Bf3 Bg6 25. Rg3 Bf8 26. Qf1 Qd8 27. Re1 Be7 28.
Rh3 Bh4 29. Re2 Bf6 30. Rg2 Bf7 31. e4 Bd4 32. Qa1 Rg8 33. Rhg3 c5 34. bxc6
bxc6 35. Nb5 Bxb2 36. Qxb2 Bb3 37. Nxa7 Qc7 38. Nxc6 1-0

[Event "Oberliga Ost A 2017 2018"]
[Site "Germany"]
[Date "2018.02.25"]
[Round "8.3"]
[White "Pallas, Sebastian"]
[Black "Weitzer, Steffen"]
[Result "1-0"]
[WhiteElo "2230"]
[BlackElo "2236"]
[PlyCount "125"]
[EventDate "2017.10.22"]
[EventType "team-tourn"]
[EventCountry "GER"]
[WhiteTeam "Loeberitz SG"]
[BlackTeam "Leipzig SG II"]
[WhiteTeamCountry "GER"]
[BlackTeamCountry "GER"]

1. e4 c5 2. Nf3 d6 3. d4 cxd4 4. Nxd4 Nf6 5. Nc3 g6 6. Be3 Bg7 7. f3 Nc6 8. Qd2
O-O 9. O-O-O d5 10. exd5 Nxd5 11. Nxc6 bxc6 12. Bd4 e5 13. Bc5 Be6 14. Ne4 Re8
15. h4 h6 16. c4 Qc7 17. Kb1 Red8 18. Qc2 Nf4 19. Bd6 Qb6 20. g3 Nh5 21. c5 Qb4
22. Rg1 a5 23. Nd2 Bf5 24. Ne4 Be6 25. Bd3 Ra7 26. a3 Qb7 27. Bc4 Qc8 28. Qa4
f5 29. Nc3 e4 30. fxe4 Bxc3 31. Qb3 Bxc4 32. Qxc4+ Kh7 33. Qxc3 fxe4 34. g4 Ng7
35. h5 Qe6 36. hxg6+ Qxg6 37. g5 h5 38. Rdf1 Nf5 39. Qf6 Qxf6 40. gxf6 Nxd6 41.
cxd6 Rf7 42. Rf5 Kh6 43. Rh1 Rxd6 44. Rhxh5+ Kg6 45. Rhg5+ Kh6 46. Rg4 Rfxf6
47. Rxf6+ Rxf6 48. Rxe4 Kg6 49. Ra4 Kf7 50. Rxa5 Ke6 51. Ra7 Kd5 52. Ka2 Kc4
53. Rb7 c5 54. a4 Ra6 55. Ka3 Kd5 56. Rh7 Ra8 57. Rh6 c4 58. Rb6 Rh8 59. Rb5+
Kd4 60. a5 Rh1 61. Rg5 Rh3+ 62. Ka4 Rb3 63. Rb5 1-0

[Event "Oberliga Ost A 2017 2018"]
[Site "Germany"]
[Date "2018.02.25"]
[Round "8.5"]
[White "Schuetze, Norman"]
[Black "Pietzsch, Manuel"]
[Result "1-0"]
[WhiteElo "2282"]
[BlackElo "2109"]
[PlyCount "63"]
[EventDate "2017.10.22"]
[EventType "team-tourn"]
[EventCountry "GER"]
[WhiteTeam "Loeberitz SG"]
[BlackTeam "Leipzig SG II"]
[WhiteTeamCountry "GER"]
[BlackTeamCountry "GER"]

1. d4 Nf6 2. c4 c5 3. d5 b5 4. cxb5 a6 5. bxa6 Bxa6 6. Nc3 g6 7. Nf3 Bg7 8. e4
Bxf1 9. Kxf1 d6 10. g3 O-O 11. Kg2 Nbd7 12. a4 Ra6 13. Re1 Qa8 14. Nb5 Qb7 15.
Rb1 e6 16. dxe6 fxe6 17. Ng5 d5 18. exd5 exd5 19. Kg1 Ne4 20. Nxe4 dxe4 21. Nd6
Qc6 22. Qb3+ Kh8 23. Nf7+ Rxf7 24. Qxf7 Ne5 25. Qe7 Ra8 26. Be3 Nf3+ 27. Kg2
Nxe1+ 28. Rxe1 Qxa4 29. Qb7 Re8 30. b3 Qa5 31. Rd1 Bd4 32. Rxd4 1-0

[Event "Oberliga Ost A 2017 2018"]
[Site "Germany"]
[Date "2018.02.25"]
[Round "8.6"]
[White "Hentze, Markus"]
[Black "Schuster, Martin"]
[Result "1/2-1/2"]
[WhiteElo "2149"]
[BlackElo "2205"]
[PlyCount "33"]
[EventDate "2017.10.22"]
[EventType "team-tourn"]
[EventCountry "GER"]
[WhiteTeam "Leipzig SG II"]
[BlackTeam "Loeberitz SG"]
[WhiteTeamCountry "GER"]
[BlackTeamCountry "GER"]

1. e4 c6 2. d4 d5 3. exd5 cxd5 4. Nf3 Nc6 5. Ne5 Nf6 6. c3 g6 7. Bd3 Bg7 8. Qe2
O-O 9. O-O Bf5 10. Bb5 Nxe5 11. dxe5 Nd7 12. f4 a6 13. Bxd7 Qxd7 14. Be3 Rfc8
15. Nd2 h5 16. Nb3 e6 17. Qf2 1/2-1/2

[Event "Oberliga Ost A 2017 2018"]
[Site "Germany"]
[Date "2018.02.25"]
[Round "8.7"]
[White "Schindler, Christian"]
[Black "Scheibe, Axel"]
[Result "0-1"]
[WhiteElo "2219"]
[BlackElo "1946"]
[PlyCount "60"]
[EventDate "2017.10.22"]
[EventType "team-tourn"]
[EventCountry "GER"]
[WhiteTeam "Loeberitz SG"]
[BlackTeam "Leipzig SG II"]
[WhiteTeamCountry "GER"]
[BlackTeamCountry "GER"]

1. d4 c5 2. e3 d5 3. c4 e6 4. Nc3 Nf6 5. Nf3 Nc6 6. Be2 Bd6 7. O-O O-O 8. b3
Re8 9. Bb2 b6 10. Rc1 Bb7 11. Nb5 Bf8 12. dxc5 bxc5 13. Bxf6 gxf6 14. cxd5 exd5
15. Nc3 Ne5 16. Nh4 d4 17. Na4 d3 18. Bf3 Nxf3+ 19. Nxf3 Qd5 20. Rc3 Rad8 21.
Nb2 Ba6 22. Qd2 f5 23. Rfc1 f4 24. Nd1 Qh5 25. Ne1 Qe2 26. Qxe2 dxe2 27. Nb2
Bg7 28. R3c2 Bxb2 29. Rxb2 Rd1 30. Rbb1 Red8 0-1

[Event "Oberliga Ost A 2017 2018"]
[Site "Germany"]
[Date "2018.02.25"]
[Round "8.8"]
[White "Nguyen, Alex Dac Vuong"]
[Black "Klyszcz, Michael"]
[Result "1-0"]
[WhiteElo "2012"]
[BlackElo "1975"]
[PlyCount "87"]
[EventDate "2017.10.22"]
[EventType "team-tourn"]
[EventCountry "GER"]
[WhiteTeam "Leipzig SG II"]
[BlackTeam "Loeberitz SG"]
[WhiteTeamCountry "GER"]
[BlackTeamCountry "GER"]

1. e4 d5 2. exd5 Qxd5 3. Nc3 Qa5 4. d4 Nf6 5. Bc4 c6 6. Bd2 Bf5 7. Nf3 e6 8.
Qe2 Bb4 9. a3 Bxc3 10. Bxc3 Qc7 11. O-O Nbd7 12. Bd3 Bxd3 13. Qxd3 O-O 14. Rad1
Rfe8 15. b3 Rad8 16. Bb2 Qf4 17. Rfe1 Nc5 18. Qe2 Ncd7 19. c4 Qc7 20. Qd3 h6
21. a4 a6 22. h3 Qd6 23. Re3 Qb4 24. Qc2 Qd6 25. Red3 Qb8 26. R3d2 Qf4 27. Rd3
Qc7 28. R3d2 Qf4 29. Rd3 Qc7 30. g3 Qb8 31. Ne5 Qc7 32. Qe2 Nb6 33. Ba3 Nc8 34.
Qf3 Nd6 35. g4 Nde4 36. Re1 Ng5 37. Qg2 Nd7 38. Nxd7 Rxd7 39. h4 Nh7 40. Qf3
Qd8 41. d5 cxd5 42. cxd5 Qxh4 43. dxe6 Nf6 44. Rxd7 1-0

[Event "Oberliga Ost A 2017 2018"]
[Site "Germany"]
[Date "2018.03.18"]
[Round "9.1"]
[White "Schmidt Schaeffer, Sebastian"]
[Black "Pulpan, Jakub"]
[Result "0-1"]
[WhiteElo "2373"]
[BlackElo "2390"]
[PlyCount "74"]
[EventDate "2017.10.22"]
[EventType "team-tourn"]
[EventCountry "GER"]
[WhiteTeam "Naumburger SV"]
[BlackTeam "Aue ESV Nickelhuette II"]
[WhiteTeamCountry "GER"]
[BlackTeamCountry "GER"]

1. d4 Nf6 2. g3 d5 3. Bg2 c5 4. Nf3 cxd4 5. O-O g6 6. Nxd4 Bg7 7. c4 dxc4 8.
Na3 c3 9. bxc3 O-O 10. Qb3 Nbd7 11. Rd1 a6 12. Nc4 Qc7 13. Rb1 Rb8 14. a4 e5
15. Nf3 b5 16. Nd6 Nc5 17. Qc2 Nxa4 18. c4 Be6 19. Nxe5 Ne8 20. Nxe8 Rbxe8 21.
Nc6 Bxc4 22. Bf4 Qc8 23. Rd2 Re6 24. Bd6 Rfe8 25. e3 Nc3 26. Re1 Ne4 27. Bxe4
Rxe4 28. Na5 h5 29. Red1 h4 30. Bf4 h3 31. Qxe4 Rxe4 32. Rd8+ Re8 33. Rxc8 Rxc8
34. Rc1 Bb2 35. Rc2 Rd8 36. f3 Rd1+ 37. Kf2 Rf1# 0-1

[Event "Oberliga Ost A 2017 2018"]
[Site "Germany"]
[Date "2018.03.18"]
[Round "9.2"]
[White "Cerveny, Martin"]
[Black "Heinrich, Julius Tobias"]
[Result "1-0"]
[WhiteElo "2381"]
[BlackElo "2129"]
[PlyCount "75"]
[EventDate "2017.10.22"]
[EventType "team-tourn"]
[EventCountry "GER"]
[WhiteTeam "Aue ESV Nickelhuette II"]
[BlackTeam "Naumburger SV"]
[WhiteTeamCountry "GER"]
[BlackTeamCountry "GER"]

1. d4 e6 2. Nf3 d5 3. Bf4 f5 4. c4 Nf6 5. Nc3 c6 6. h3 Bd6 7. e3 O-O 8. Qc2 Qe7
9. Bd3 Na6 10. Bxd6 Qxd6 11. c5 Qe7 12. Bxa6 bxa6 13. Ne5 Qb7 14. Qb3 Rd8 15.
Qxb7 Bxb7 16. b4 Nd7 17. Ne2 Rab8 18. Kd2 Nxe5 19. dxe5 Bc8 20. Kc3 Bd7 21. f4
Rb7 22. Rab1 Rdb8 23. Rb3 Kf7 24. Rhb1 Rc7 25. Ra3 Bc8 26. Nd4 Bb7 27. g4 g6
28. Rg1 Rg8 29. Rb3 Bc8 30. Rb2 Bd7 31. gxf5 exf5 32. h4 h5 33. a4 Rb7 34. e6+
Bxe6 35. Nxc6 Kf6 36. Ne5 Bf7 37. b5 Rc8 38. Kd4 1-0

[Event "Oberliga Ost A 2017 2018"]
[Site "Germany"]
[Date "2018.03.18"]
[Round "9.3"]
[White "Huth, Volkmar"]
[Black "Wichmann, Cliff"]
[Result "0-1"]
[WhiteElo "2121"]
[BlackElo "2297"]
[PlyCount "34"]
[EventDate "2017.10.22"]
[EventType "team-tourn"]
[EventCountry "GER"]
[WhiteTeam "Naumburger SV"]
[BlackTeam "Aue ESV Nickelhuette II"]
[WhiteTeamCountry "GER"]
[BlackTeamCountry "GER"]

1. d4 Nf6 2. Nf3 d5 3. c4 e6 4. Nc3 dxc4 5. e4 Bb4 6. e5 Nd5 7. Qc2 c5 8. Bd2
cxd4 9. Nxd4 Qa5 10. Ncb5 O-O 11. Bxc4 Nc6 12. Nxc6 bxc6 13. Nd4 Nb6 14. O-O-O
Nxc4 15. Qxc4 Bxd2+ 16. Rxd2 Ba6 17. Nxc6 Qxd2+ 0-1

[Event "Oberliga Ost A 2017 2018"]
[Site "Germany"]
[Date "2018.03.18"]
[Round "9.4"]
[White "Jurasek, Miroslav"]
[Black "Fritsch, Andreas"]
[Result "1-0"]
[WhiteElo "2276"]
[BlackElo "2102"]
[PlyCount "107"]
[EventDate "2017.10.22"]
[EventType "team-tourn"]
[EventCountry "GER"]
[WhiteTeam "Aue ESV Nickelhuette II"]
[BlackTeam "Naumburger SV"]
[WhiteTeamCountry "GER"]
[BlackTeamCountry "GER"]

1. e4 Nc6 2. Nf3 d6 3. d4 Nf6 4. Nc3 g6 5. Be3 Bg7 6. Qd2 O-O 7. Bh6 Bg4 8.
Bxg7 Kxg7 9. d5 Nb8 10. Nd4 c5 11. Nde2 b5 12. f3 Bd7 13. h4 h5 14. Nf4 Qa5 15.
Be2 Rh8 16. a4 a6 17. Nd1 Qxd2+ 18. Kxd2 b4 19. a5 e5 20. dxe6 Bxe6 21. Ne3 Rd8
22. Rhd1 Nc6 23. Ke1 Nd4 24. Rd2 Ne8 25. Rad1 Ra7 26. Bc4 Bd7 27. c3 Nc6 28.
cxb4 Nxb4 29. Nfd5 Nc6 30. Ra1 Nd4 31. b4 Bb5 32. Rb1 f5 33. exf5 Bxc4 34. Nxc4
Nxf5 35. Kf2 Nxh4 36. Nf4 Rb8 37. Nxd6 cxb4 38. Nxe8+ Rxe8 39. Rxb4 Nf5 40. Rb6
Re5 41. Rxg6+ Kf7 42. Rg5 h4 43. Rd5 Rxd5 44. Nxd5 Ke6 45. Ne3 Nd4 46. Rg4 Nb3
47. Rxh4 Ke5 48. Rh5+ Kd4 49. Rd5+ Kc3 50. g4 Nd4 51. Nf5 Ne6 52. Re5 Nf4 53.
Ke3 Nd3 54. Re7 1-0

[Event "Oberliga Ost A 2017 2018"]
[Site "Germany"]
[Date "2018.03.18"]
[Round "9.5"]
[White "Haertig, Jens"]
[Black "Schnabel, Ralf"]
[Result "1/2-1/2"]
[WhiteElo "2140"]
[BlackElo "2225"]
[PlyCount "59"]
[EventDate "2017.10.22"]
[EventType "team-tourn"]
[EventCountry "GER"]
[WhiteTeam "Naumburger SV"]
[BlackTeam "Aue ESV Nickelhuette II"]
[WhiteTeamCountry "GER"]
[BlackTeamCountry "GER"]

1. d4 f5 2. Nf3 Nf6 3. c4 d6 4. b4 g6 5. Bb2 Bg7 6. Qb3 O-O 7. e3 e6 8. Be2 Qe7
9. Nbd2 Nc6 10. b5 Nd8 11. O-O Nf7 12. Rac1 g5 13. c5 Ne4 14. Nxe4 fxe4 15.
cxd6 cxd6 16. Nd2 d5 17. Ba3 Nd6 18. Qb4 Rd8 19. f3 exf3 20. Nxf3 g4 21. Ne5
Qg5 22. Rf4 h5 23. Rcf1 Bxe5 24. dxe5 Qxe5 25. Bxg4 hxg4 26. Rxg4+ Kh7 27. Rh4+
Kg6 28. Rg4+ Kh7 29. Rh4+ Kg6 30. Rg4+ 1/2-1/2

[Event "Oberliga Ost A 2017 2018"]
[Site "Germany"]
[Date "2018.03.18"]
[Round "9.6"]
[White "Haessler, Wolfgang"]
[Black "Wendling, Florian"]
[Result "1/2-1/2"]
[WhiteElo "2178"]
[BlackElo "1998"]
[PlyCount "51"]
[EventDate "2017.10.22"]
[EventType "team-tourn"]
[EventCountry "GER"]
[WhiteTeam "Aue ESV Nickelhuette II"]
[BlackTeam "Naumburger SV"]
[WhiteTeamCountry "GER"]
[BlackTeamCountry "GER"]

1. d4 d5 2. Bf4 Nf6 3. e3 Bf5 4. c4 c6 5. Nc3 e6 6. Qb3 Qb6 7. c5 Qxb3 8. axb3
Nbd7 9. Nf3 h6 10. h3 Be7 11. b4 O-O 12. b5 a5 13. Bc7 Ne4 14. Nxe4 Bxe4 15.
bxc6 bxc6 16. Rxa5 Rxa5 17. Bxa5 Ra8 18. b4 e5 19. Be2 exd4 20. exd4 Bf6 21.
O-O Bxf3 22. Bxf3 Bxd4 23. Bc7 Ne5 24. Bxe5 Bxe5 25. b5 cxb5 26. Bxd5 1/2-1/2

[Event "Oberliga Ost A 2017 2018"]
[Site "Germany"]
[Date "2018.03.18"]
[Round "9.7"]
[White "Will, Matthias"]
[Black "Heinz, Juergen"]
[Result "0-1"]
[WhiteElo "2025"]
[BlackElo "2222"]
[PlyCount "46"]
[EventDate "2017.10.22"]
[EventType "team-tourn"]
[EventCountry "GER"]
[WhiteTeam "Naumburger SV"]
[BlackTeam "Aue ESV Nickelhuette II"]
[WhiteTeamCountry "GER"]
[BlackTeamCountry "GER"]

1. c4 e5 2. Nc3 Nc6 3. g3 g6 4. Bg2 Bg7 5. d3 d6 6. Nf3 Nge7 7. Bg5 f6 8. Bd2
O-O 9. O-O Rb8 10. a3 Be6 11. b4 a6 12. Ne1 Qd7 13. e4 Nd4 14. Rb1 c6 15. Nc2
Nxc2 16. Qxc2 f5 17. f4 fxe4 18. Bxe4 Nf5 19. Ne2 d5 20. Bg2 dxc4 21. dxc4 Nd4
22. Qd3 Bf5 23. Be4 Nxe2+ 0-1

[Event "Oberliga Ost A 2017 2018"]
[Site "Germany"]
[Date "2018.03.18"]
[Round "9.8"]
[White "Floeter, Frank"]
[Black "Schlag, Andreas"]
[Result "1-0"]
[WhiteElo "2123"]
[BlackElo "1840"]
[PlyCount "83"]
[EventDate "2017.10.22"]
[EventType "team-tourn"]
[EventCountry "GER"]
[WhiteTeam "Aue ESV Nickelhuette II"]
[BlackTeam "Naumburger SV"]
[WhiteTeamCountry "GER"]
[BlackTeamCountry "GER"]

1. d4 Nf6 2. c4 d6 3. Nf3 g6 4. Nc3 Bg7 5. Bg5 c6 6. e3 Nbd7 7. h3 O-O 8. Be2
Re8 9. O-O a6 10. b4 b5 11. Qb3 h6 12. Bh4 g5 13. Bg3 Nf8 14. Nd2 g4 15. hxg4
Bxg4 16. Bf3 Bxf3 17. Nxf3 Nh5 18. Bh2 Ng6 19. Rfd1 Qc8 20. Rac1 Qb7 21. cxb5
axb5 22. Nd2 Ra6 23. Qc2 Rea8 24. Nb3 Nf6 25. Qf5 Nd7 26. Na5 Rxa5 27. bxa5
Rxa5 28. a4 e6 29. Qb1 Nh4 30. axb5 c5 31. Qe4 Qxe4 32. Nxe4 cxd4 33. Nxd6 dxe3
34. fxe3 Ra2 35. Ne4 Rxg2+ 36. Kh1 Ne5 37. Bxe5 Bxe5 38. Rg1 Rxg1+ 39. Kxg1 Nf5
40. Kf2 h5 41. b6 Nd6 42. b7 1-0

[Event "Oberliga Ost A 2017 2018"]
[Site "Germany"]
[Date "2018.03.18"]
[Round "9.1"]
[White "Puls, Thomas"]
[Black "Pietsch, Michael"]
[Result "0-1"]
[WhiteElo "2220"]
[BlackElo "2206"]
[PlyCount "94"]
[EventDate "2017.10.22"]
[EventType "team-tourn"]
[EventCountry "GER"]
[WhiteTeam "Halle USV"]
[BlackTeam "Coswig TuS"]
[WhiteTeamCountry "GER"]
[BlackTeamCountry "GER"]

1. e4 c6 2. Nc3 d5 3. Nf3 Bg4 4. h3 Bh5 5. exd5 cxd5 6. Bb5+ Nc6 7. g4 Bg6 8.
Ne5 Rc8 9. d4 f6 10. Nxg6 hxg6 11. Qd3 Kf7 12. Nxd5 e6 13. Bxc6 exd5 14. Bxb7
Qe7+ 15. Be3 Qxb7 16. O-O-O Bd6 17. h4 Ne7 18. h5 g5 19. Kb1 Qc7 20. c3 a5 21.
Rc1 a4 22. Rc2 Qc4 23. Qd2 Qc7 24. Qd3 Bf4 25. Re1 Rhe8 26. Qh7 Ng8 27. Qf5 Qc6
28. Qd3 Re4 29. f3 Rxe3 30. Rxe3 Bxe3 31. Qxe3 Re8 32. Qd3 Qc4 33. Qd2 Qf1+ 34.
Rc1 Qxf3 35. c4 Qxg4 36. cxd5 Qe4+ 37. Ka1 Qxd5 38. Qc2 Qxd4 39. Rd1 Qe4 40.
Rd7+ Kf8 41. Qc5+ Ne7 42. Rd1 Qf3 43. Qc1 Rc8 44. Qb1 a3 45. bxa3 Qxa3 46. Rd3
Qc1 47. Rd8+ Kf7 0-1

[Event "Oberliga Ost A 2017 2018"]
[Site "Germany"]
[Date "2018.03.18"]
[Round "9.2"]
[White "Schweitzer, Andreas"]
[Black "Hoepfl, Thomas"]
[Result "1/2-1/2"]
[WhiteElo "2228"]
[BlackElo "2276"]
[PlyCount "27"]
[EventDate "2017.10.22"]
[EventType "team-tourn"]
[EventCountry "GER"]
[WhiteTeam "Coswig TuS"]
[BlackTeam "Halle USV"]
[WhiteTeamCountry "GER"]
[BlackTeamCountry "GER"]

1. e4 e5 2. Bc4 Nf6 3. d3 Nc6 4. Nc3 Bb4 5. Nge2 d5 6. exd5 Nxd5 7. O-O Nxc3 8.
bxc3 Bd6 9. f4 exf4 10. Bxf4 O-O 11. Ng3 Bxf4 12. Rxf4 Qg5 13. Qf1 Nd8 14. Ne4
1/2-1/2

[Event "Oberliga Ost A 2017 2018"]
[Site "Germany"]
[Date "2018.03.18"]
[Round "9.3"]
[White "Becker, Michael"]
[Black "Hofmann, Rares"]
[Result "0-1"]
[WhiteElo "2286"]
[BlackElo "2229"]
[PlyCount "102"]
[EventDate "2017.10.22"]
[EventType "team-tourn"]
[EventCountry "GER"]
[WhiteTeam "Halle USV"]
[BlackTeam "Coswig TuS"]
[WhiteTeamCountry "GER"]
[BlackTeamCountry "GER"]

1. e4 e5 2. Nf3 Nc6 3. d4 exd4 4. Nxd4 Nf6 5. Nxc6 bxc6 6. e5 Qe7 7. Qe2 Nd5 8.
c4 Ba6 9. b3 g6 10. g3 Bg7 11. Bb2 O-O 12. Bg2 Rfe8 13. O-O Nb6 14. f4 d5 15.
Nd2 Rad8 16. Rac1 dxc4 17. Nxc4 Nxc4 18. bxc4 Qb4 19. Rc2 Rd7 20. h4 Red8 21.
e6 Re7 22. Bxg7 Kxg7 23. f5 Qc5+ 24. Qf2 Qxf2+ 25. Rfxf2 gxf5 26. Rxf5 Rxe6 27.
Ra5 c5 28. Rxc5 Rd7 29. Bd5 Rb6 30. Kg2 Bb7 31. Kf3 Rf6+ 32. Ke4 c6 33. Ke5
cxd5 34. cxd5 Rfd6 35. Rd2 f6+ 36. Ke4 Re7+ 37. Kf4 Red7 38. Ke4 Kg6 39. g4
Re6+ 40. Kd4 Re5 41. Kc4 Re4+ 42. Rd4 Rxd4+ 43. Kxd4 h5 44. gxh5+ Kxh5 45. Ke4
Kg4 46. h5 f5+ 47. Ke5 Rxd5+ 48. Rxd5 Bxd5 49. h6 Bg8 50. Kf6 f4 51. Kg7 Kg5
0-1

[Event "Oberliga Ost A 2017 2018"]
[Site "Germany"]
[Date "2018.03.18"]
[Round "9.4"]
[White "Mueller, Richard"]
[Black "Reipsch, Jens"]
[Result "1/2-1/2"]
[WhiteElo "2161"]
[BlackElo "2242"]
[PlyCount "57"]
[EventDate "2017.10.22"]
[EventType "team-tourn"]
[EventCountry "GER"]
[WhiteTeam "Coswig TuS"]
[BlackTeam "Halle USV"]
[WhiteTeamCountry "GER"]
[BlackTeamCountry "GER"]

1. d4 Nf6 2. c4 c5 3. d5 b5 4. cxb5 a6 5. b6 e6 6. Nc3 Nxd5 7. Nxd5 exd5 8.
Qxd5 Nc6 9. Nf3 Be7 10. Ne5 O-O 11. Nxc6 dxc6 12. Qxd8 Rxd8 13. e4 c4 14. Bd2
Rd4 15. f3 Be6 16. Be3 Bb4+ 17. Kf2 Rd7 18. Rc1 Bd2 19. Rc2 Bxe3+ 20. Kxe3 Rd1
21. Rd2 Rb1 22. g4 g5 23. Bg2 Rxh1 24. Bxh1 Rb8 25. Kd4 Rxb6 26. Bg2 c3 27.
bxc3 Rb1 28. Rc2 a5 29. c4 1/2-1/2

[Event "Oberliga Ost A 2017 2018"]
[Site "Germany"]
[Date "2018.03.18"]
[Round "9.5"]
[White "Hartge, Gedeon"]
[Black "Escher, Thomas"]
[Result "1/2-1/2"]
[WhiteElo "2144"]
[BlackElo "2150"]
[PlyCount "36"]
[EventDate "2017.10.22"]
[EventType "team-tourn"]
[EventCountry "GER"]
[WhiteTeam "Halle USV"]
[BlackTeam "Coswig TuS"]
[WhiteTeamCountry "GER"]
[BlackTeamCountry "GER"]

1. d4 d5 2. c4 Nc6 3. Nf3 Bg4 4. cxd5 Bxf3 5. gxf3 Qxd5 6. e3 e6 7. Nc3 Qh5 8.
Be2 Qg6 9. f4 Nb4 10. Kf1 Nf6 11. Rg1 Qf5 12. Rg5 Qh3+ 13. Kg1 h6 14. Rg3 Qh4
15. Bf1 O-O-O 16. Qf3 Qh5 17. Bg2 Qxf3 18. Bxf3 g6 1/2-1/2

[Event "Oberliga Ost A 2017 2018"]
[Site "Germany"]
[Date "2018.03.18"]
[Round "9.6"]
[White "Klawa, Patrick"]
[Black "Schulte, Felix"]
[Result "1-0"]
[WhiteElo "2163"]
[BlackElo "1967"]
[PlyCount "107"]
[EventDate "2017.10.22"]
[EventType "team-tourn"]
[EventCountry "GER"]
[WhiteTeam "Coswig TuS"]
[BlackTeam "Halle USV"]
[WhiteTeamCountry "GER"]
[BlackTeamCountry "GER"]

1. e4 c5 2. Ne2 Nc6 3. Nbc3 g6 4. g3 Bg7 5. Bg2 e6 6. d3 Rb8 7. a4 a6 8. h4 b5
9. axb5 axb5 10. Bg5 Qc7 11. Qd2 Nd4 12. O-O d6 13. Nc1 b4 14. Nd1 Ne7 15. c3
Ndc6 16. Bh6 O-O 17. Bxg7 Kxg7 18. d4 Bb7 19. Ne3 f5 20. Ne2 e5 21. d5 Na5 22.
f4 Nb3 23. Qc2 Nxa1 24. Rxa1 bxc3 25. Qxc3 Rf6 26. fxe5 dxe5 27. Nc4 Nc8 28.
Nxe5 Nd6 29. Nc6 Nxe4 30. Bxe4 Bxc6 31. Bg2 Bd7 32. Nf4 Qb6 33. Re1 Kf7 34. Ne6
Bxe6 35. dxe6+ Ke7 36. Bd5 Rd8 37. Bc4 Qb4 38. Qe5 Rd6 39. b3 Qd2 40. Kh1 f4
41. Ra1 Qb4 42. Ra7+ Ke8 43. Qe2 Qb6 44. Bb5+ Rc6 45. Ra6 Qxa6 46. Bxa6 Rfxe6
47. Qb5 Ke7 48. Qb7+ Kf6 49. Bc4 Rb6 50. Qf3 Re7 51. g4 g5 52. Qc3+ Kg6 53.
Bd3+ Kf7 54. Qxc5 1-0

[Event "Oberliga Ost A 2017 2018"]
[Site "Germany"]
[Date "2018.03.18"]
[Round "9.7"]
[White "Luther, Juergen"]
[Black "Merker, Matthias"]
[Result "1/2-1/2"]
[WhiteElo "2157"]
[BlackElo "2133"]
[PlyCount "78"]
[EventDate "2017.10.22"]
[EventType "team-tourn"]
[EventCountry "GER"]
[WhiteTeam "Halle USV"]
[BlackTeam "Coswig TuS"]
[WhiteTeamCountry "GER"]
[BlackTeamCountry "GER"]

1. e4 Nf6 2. e5 Nd5 3. d4 d6 4. c4 Nb6 5. f4 dxe5 6. fxe5 Nc6 7. Be3 Bf5 8. Nc3
e6 9. a3 Be7 10. Be2 O-O 11. Nf3 f6 12. exf6 Bxf6 13. O-O Qe7 14. Qb3 Kh8 15.
Rfe1 Rad8 16. Rad1 e5 17. d5 Nd4 18. Bxd4 exd4 19. Nb5 Qc5 20. Nbxd4 Bg4 21.
Qd3 Bxf3 22. gxf3 c6 23. b4 Qxd4+ 24. Qxd4 Bxd4+ 25. Rxd4 cxd5 26. c5 Nc4 27.
a4 Ne5 28. b5 Rxf3 29. Bd1 Rd3 30. Rf4 Nc4 31. c6 bxc6 32. bxc6 Nd6 33. Bg4 Rc3
34. Bd7 h6 35. Re7 Ne4 36. Re8+ Rxe8 37. Bxe8 Nf6 38. Bd7 Kg8 39. Be6+ Kh7
1/2-1/2

[Event "Oberliga Ost A 2017 2018"]
[Site "Germany"]
[Date "2018.03.18"]
[Round "9.8"]
[White "Piotraschke, Jens"]
[Black "Groeger, Stefan"]
[Result "1-0"]
[WhiteElo "2145"]
[BlackElo "2150"]
[PlyCount "45"]
[EventDate "2017.10.22"]
[EventType "team-tourn"]
[EventCountry "GER"]
[WhiteTeam "Coswig TuS"]
[BlackTeam "Halle USV"]
[WhiteTeamCountry "GER"]
[BlackTeamCountry "GER"]

1. d4 d5 2. Nf3 Nf6 3. c4 e6 4. g3 Bb4+ 5. Bd2 Be7 6. Bg2 O-O 7. O-O dxc4 8.
Qc2 a6 9. a4 Nc6 10. Qxc4 Qd5 11. Na3 Bxa3 12. Qxd5 exd5 13. Rxa3 Bg4 14. Rc1
Bxf3 15. Bxf3 Nxd4 16. Rxc7 b5 17. Bc3 Nxf3+ 18. exf3 Rac8 19. Rxc8 Rxc8 20.
axb5 axb5 21. Ra5 b4 22. Bxb4 d4 23. Rc5 1-0

[Event "Oberliga Ost A 2017 2018"]
[Site "Germany"]
[Date "2018.03.18"]
[Round "9.1"]
[White "Richter, Leonard"]
[Black "Spreng, Simon"]
[Result "1-0"]
[WhiteElo "2268"]
[BlackElo "2235"]
[PlyCount "35"]
[EventDate "2017.10.22"]
[EventType "team-tourn"]
[EventCountry "GER"]
[WhiteTeam "Leipzig SG II"]
[BlackTeam "Dessau SK"]
[WhiteTeamCountry "GER"]
[BlackTeamCountry "GER"]

1. e4 d6 2. d4 Nf6 3. Nc3 g6 4. Be3 c6 5. f3 Qb6 6. a3 Bg7 7. g4 O-O 8. h4 h5
9. gxh5 Nxh5 10. Bc4 e5 11. Nge2 Nd7 12. Bb3 Re8 13. Qd2 exd4 14. Nxd4 Ne5 15.
O-O-O c5 16. Ndb5 Be6 17. Qxd6 Rac8 18. Qxb6 1-0